| 000 | 01099nac a22002411u 4500 | ||
|---|---|---|---|
| 010 | _a 2002036815 | ||
| 020 | _a0824708717 (alk. paper) | ||
| 082 | 0 | 0 |
_a620.00420285 _bSCH |
| 090 |
_c8330 _d8330 |
||
| 100 | _aSchoonmaker, Stephen J | ||
| 245 | 1 | 4 |
_aThe CAD guidebook : _ba basic manual for understanding and improving computer-aided design / _cStephen J. Schoonmaker. |
| 260 |
_aNew York : _bMarcel Dekker,2003. _cc2003. |
||
| 300 |
_avi, 323 p. : _bill. ; _c24 cm. |
||
| 490 | 1 |
_aMechanical engineering ; _v150 ; |
|
| 500 | _aDistributer: Al-Ahram | ||
| 504 | _aIncludes bibliographical references (p. 317-318) and index. | ||
| 511 | _aCatalogued by: Sara | ||
| 650 | 0 |
_aComputer-aided design _vHandbooks, manuals, etc. |
|
| 650 | 0 |
_aEngineering design _xData processing _vHandbooks, manuals, etc. |
|
| 830 | 0 | _aMechanical engineering (Marcel Dekker, Inc.) | |
| 856 | 4 | 2 |
_3Publisher description _uhttp://www.loc.gov/catdir/enhancements/fy0647/2002036815-d.html |
| 942 |
_cBB _k620.00420285SCH |
||
| 999 |
_c8330 _d8330 |
||